Bailey family papers, (Record no. 44349)
[ view plain ]
| 000 -LEADER | |
|---|---|
| fixed length control field | 01146cpcaa2200289 a 4500 |
| 001 - CONTROL NUMBER | |
| control field | mm 96006328 |
| 003 - CONTROL NUMBER IDENTIFIER | |
| control field | DLC |
| 005 - DATE AND TIME OF LATEST TRANSACTION | |
| control field | 20260227111725.0 |
| 008 - FIXED-LENGTH DATA ELEMENTS--GENERAL INFORMATION | |
| fixed length control field | 960313|||||||||||| eng |
| 010 ## - LIBRARY OF CONGRESS CONTROL NUMBER | |
| LC control number | mm 96006328 |
| 040 ## - CATALOGING SOURCE | |
| Original cataloging agency | DLC |
| Transcribing agency | DLC |
| Modifying agency | DLC |
| Description conventions | dacs |
| 072 #7 - SUBJECT CATEGORY CODE | |
| Subject category code | C |
| Source | lcmd |
| 245 00 - TITLE STATEMENT | |
| Title | Bailey family papers, |
| Inclusive dates | 1759-1819. |
| 300 ## - PHYSICAL DESCRIPTION | |
| Extent | 1 |
| Type of unit | item. |
| 506 0# - RESTRICTIONS ON ACCESS NOTE | |
| Terms governing access | Open to research. |
| 520 8# - SUMMARY, ETC. | |
| Summary, etc. | Plantation account book kept by the Bailey family of Sussex County, Va., including records for the hiring out and medical care of slaves, medical fees and records of Zachariah Bailey, and Bailey family genealogical material. |
| 546 ## - LANGUAGE NOTE | |
| Language note | Collection material in English. |
| 580 ## - LINKING ENTRY COMPLEXITY NOTE | |
| Linking entry complexity note | Forms part of: Miscellaneous Manuscripts collection. |
| 600 30 - SUBJECT ADDED ENTRY--PERSONAL NAME | |
| Personal name | Bailey family. |
| 650 #0 - SUBJECT ADDED ENTRY--TOPICAL TERM | |
| Topical term or geographic name entry element | Plantations |
| Geographic subdivision | Virginia |
| -- | Sussex County. |
| 650 #0 - SUBJECT ADDED ENTRY--TOPICAL TERM | |
| Topical term or geographic name entry element | Slavery |
| Geographic subdivision | Virginia. |
| 650 #0 - SUBJECT ADDED ENTRY--TOPICAL TERM | |
| Topical term or geographic name entry element | Slaves |
| Geographic subdivision | Virginia. |
| 651 #0 - SUBJECT ADDED ENTRY--GEOGRAPHIC NAME | |
| Geographic name | Virginia |
| Form subdivision | Genealogy. |
| 700 1# - ADDED ENTRY--PERSONAL NAME | |
| Personal name | Bailey, Zachariah. |
| Title of a work | Zachariah Bailey papers. |
No items available.